[Event "GER-chT U14 Girls"]
[Site "Regensburg"]
[Date "2014.12.29"]
[Round "6.3"]
[White "Kublanov, Carolin"]
[Black "Massloch, Lea"]
[Result "1-0"]
[WhiteElo "1328"]
[BlackElo "1133"]
[PlyCount "91"]
[EventDate "2014.12.27"]
[EventType "team-swiss"]
[EventRounds "7"]
[EventCountry "GER"]
[SourceTitle "EXT 2016"]
[Source "ChessBase"]
[SourceDate "2015.10.08"]
[SourceVersion "1"]
[SourceVersionDate "2015.10.08"]
[SourceQuality "1"]
[WhiteTeam "Solingen"]
[BlackTeam "Guestrow/Teterow"]
[WhiteTeamCountry "GER"]
[BlackTeamCountry "GER"]

1. d4 e6 2. Nf3 f5 3. e3 Nf6 4. Bd3 d5 5. 0-0 Bd6 6. b3 0-0 7. Bb2 Bd7 8. Ne5 Be8 9. Nd2 Nbd7 10. c4 c6 11. c5 Be7 12. f4 b6 13. Nxc6 Qc7 14. Nxe7+ Kh8 15. cxb6 Qxb6 16. Ba3 Rf7 17. Qc1 Rb8 18. Nf3 h6 19. Ng6+ Kg8 20. Nfe5 Nxe5 21. Nxe5 Rc7 22. Qe1 Qb7 23. Bd6 Rbc8 24. Bxc7 Qxc7 25. Rc1 Qb7 26. Rxc8 Qxc8 27. Qc1 Qb8 28. Qc5 Bd7 29. Rc1 Kh7 30. Qc7 Qxc7 31. Rxc7 Be8 32. g4 Kg8 33. gxf5 exf5 34. Bxf5 Kf8 35. Ng6+ Kg8 36. Ne7+ Kf8 37. Rxa7 h5 38. Ng6+ Kg8 39. Rc7 Kh7 40. Ne5+ Kg8 41. Bg6 Kf8 42. Bxe8 Nxe8 43. Rd7 Kg8 44. Rxd5 Kf8 45. Rd7 Kg8 46. a4 1-0

[Event "GER-chT U14 Girls"]
[Site "Regensburg"]
[Date "2014.12.29"]
[Round "5.3"]
[White "Liu, Sijia Anna"]
[Black "Massloch, Lea"]
[Result "0-1"]
[WhiteElo "1040"]
[BlackElo "1133"]
[PlyCount "58"]
[EventDate "2014.12.27"]
[EventType "team-swiss"]
[EventRounds "7"]
[EventCountry "GER"]
[SourceTitle "EXT 2016"]
[Source "ChessBase"]
[SourceDate "2015.10.08"]
[SourceVersion "1"]
[SourceVersionDate "2015.10.08"]
[SourceQuality "1"]
[WhiteTeam "Stuttgart Wolfbusch"]
[BlackTeam "Guestrow/Teterow"]
[WhiteTeamCountry "GER"]
[BlackTeamCountry "GER"]

1. e4 c5 2. Nf3 Nc6 3. Nc3 e6 4. d4 cxd4 5. Nxd4 Nf6 6. f3 Bb4 7. Be3 0-0 8. Bd3 d5 9. exd5 Nxd5 10. Nxc6 bxc6 11. Bd2 Rb8 12. Rb1 Qe7 13. Ne4 Bc5 14. Nxc5 Qxc5 15. g4 f5 16. g5 e5 17. Qe2 Re8 18. h4 Nf4 19. Qf1 Nxd3+ 20. cxd3 e4 21. dxe4 fxe4 22. f4 Qc2 23. Ke2 e3 24. Kf3 exd2 25. Qg2 Qd3+ 26. Kf2 Re2+ 27. Kg1 Qxb1+ 28. Qf1 d1R 29. Rh2 Rxf1# 0-1

[Event "GER-chT U14 Girls"]
[Site "Regensburg"]
[Date "2014.12.27"]
[Round "1.3"]
[White "Flach, Helene"]
[Black "Massloch, Lea"]
[Result "1-0"]
[WhiteElo "1584"]
[BlackElo "1133"]
[PlyCount "69"]
[EventDate "2014.12.27"]
[EventType "team-swiss"]
[EventRounds "7"]
[EventCountry "GER"]
[SourceTitle "EXT 2016"]
[Source "ChessBase"]
[SourceDate "2015.10.08"]
[SourceVersion "1"]
[SourceVersionDate "2015.10.08"]
[SourceQuality "1"]
[WhiteTeam "Langen"]
[BlackTeam "Guestrow/Teterow"]
[WhiteTeamCountry "GER"]
[BlackTeamCountry "GER"]

1. e4 c5 2. Nf3 Nc6 3. d4 cxd4 4. Nxd4 Nf6 5. Nc3 e5 6. Ndb5 d6 7. Bg5 a6 8. Na3 b5 9. Nd5 Be7 10. Bxf6 Bxf6 11. c4 bxc4 12. Nxc4 0-0 13. Nxf6+ Qxf6 14. Qxd6 Qxd6 15. Nxd6 Rd8 16. Nxc8 Raxc8 17. Bxa6 Rc7 18. 0-0 Nd4 19. b3 Kf8 20. Bc4 Rb8 21. Rfd1 f6 22. Kf1 h6 23. Rab1 Ra7 24. Rb2 Ra3 25. Rc1 Nc6 26. Rcc2 Nb4 27. Rd2 Rba8 28. Rd7 R8a7 29. Rxa7 Rxa7 30. a4 Ke7 31. Rd2 Nc6 32. Rd5 Kf8 33. g3 Re7 34. Rc5 Nd8 35. Rc8 1-0

[Event "GER-chT U14 Girls"]
[Site "Regensburg"]
[Date "2014.12.27"]
[Round "2.3"]
[White "Massloch, Lea"]
[Black "Takeuchi, Alina"]
[Result "1-0"]
[WhiteElo "1133"]
[BlackElo "920"]
[PlyCount "137"]
[EventDate "2014.12.27"]
[EventType "team-swiss"]
[EventRounds "7"]
[EventCountry "GER"]
[SourceTitle "EXT 2016"]
[Source "ChessBase"]
[SourceDate "2015.10.08"]
[SourceVersion "1"]
[SourceVersionDate "2015.10.08"]
[SourceQuality "1"]
[WhiteTeam "Guestrow/Teterow"]
[BlackTeam "Duesseldorf"]
[WhiteTeamCountry "GER"]
[BlackTeamCountry "GER"]

1. e4 d5 2. exd5 Qxd5 3. Nc3 Qd6 4. d4 a6 5. Nf3 e6 6. Be2 Nf6 7. Be3 Be7 8. 0-0 0-0 9. Qd2 b5 10. Bf4 Qb6 11. Ne5 c5 12. Bf3 Bb7 13. Bxb7 Qxb7 14. Be3 cxd4 15. Qxd4 Rd8 16. Qf4 b4 17. Ne2 Qd5 18. Qf3 Qxf3 19. Nxf3 Rd5 20. Rfd1 Rh5 21. Rd3 Nbd7 22. Rad1 h6 23. g3 Rc8 24. c3 e5 25. R3d2 e4 26. Nfd4 Ne5 27. Kg2 Nfg4 28. Rh1 Bc5 29. h3 Nf6 30. cxb4 Bxb4 31. Rdd1 Nf3 32. Nxf3 exf3+ 33. Kxf3 Rf5+ 34. Kg2 Rc2 35. Nd4 Rxb2 36. Nxf5 a5 37. Bd4 Rxa2 38. Ra1 Rxa1 39. Rxa1 Kh7 40. Bxf6 gxf6 41. Ne3 Bc3 42. Ra2 f5 43. Nc4 Kg6 44. Nxa5 Bxa5 45. Rxa5 h5 46. f4 f6 47. h4 Kh7 48. Rxf5 Kg6 49. Rb5 f5 50. Kf3 Kf6 51. Rb6+ Kg7 52. Ke3 Kh7 53. Rf6 Kg7 54. Rxf5 Kg6 55. Ke4 Kh6 56. Rf8 Kg6 57. f5+ Kg7 58. Rd8 Kf6 59. Rd6+ Kf7 60. Ke5 Kf8 61. f6 Kf7 62. Rd7+ Kf8 63. Ke6 Ke8 64. f7+ Kf8 65. Rd8+ Kg7 66. f8Q+ Kg6 67. Qf6+ Kh7 68. Rd7+ Kg8 69. Qg7# 1-0

[Event "Mecklenburg VP-ch U25"]
[Site "Malchow"]
[Date "2014.02.04"]
[Round "6"]
[White "Massloch, Lea"]
[Black "Lenk, Enrico Lars"]
[Result "1-0"]
[WhiteElo "984"]
[BlackElo "716"]
[PlyCount "49"]
[EventDate "2014.02.01"]
[EventType "swiss"]
[EventRounds "7"]
[EventCountry "GER"]
[SourceTitle "EXT 2017"]
[Source "ChessBase"]
[SourceDate "2016.10.25"]
[SourceVersion "1"]
[SourceVersionDate "2016.10.25"]
[SourceQuality "1"]

1. e4 e5 2. Nf3 Nc6 3. Bc4 Nf6 4. d3 Bc5 5. c3 d6 6. 0-0 Bg4 7. Nbd2 0-0 8. h3 Bh5 9. Re1 Re8 10. Nf1 h6 11. Ng3 Bxf3 12. Qxf3 a6 13. b4 b5 14. Bb3 Bb6 15. Nf5 a5 16. Qg3 Nh5 17. Qg4 g6 18. Nxh6+ Kf8 19. Bxf7 Nf6 20. Qxg6 Ke7 21. Bxe8 Qxe8 22. Qg7+ Ke6 23. Bg5 Qe7 24. Qg6 Rf8 25. Qf5# 1-0

[Event "Mecklenburg VP-ch U25"]
[Site "Malchow"]
[Date "2014.02.03"]
[Round "3"]
[White "Fidorra, Thomas"]
[Black "Massloch, Lea"]
[Result "1-0"]
[WhiteElo "1946"]
[BlackElo "984"]
[PlyCount "57"]
[EventDate "2014.02.01"]
[EventType "swiss"]
[EventRounds "7"]
[EventCountry "GER"]
[SourceTitle "EXT 2017"]
[Source "ChessBase"]
[SourceDate "2016.10.25"]
[SourceVersion "1"]
[SourceVersionDate "2016.10.25"]
[SourceQuality "1"]

1. e4 c5 2. Nf3 Nc6 3. d4 cxd4 4. Nxd4 Nf6 5. Nc3 e5 6. Ndb5 d6 7. Bg5 a6 8. Bxf6 gxf6 9. Na3 b5 10. Nd5 f5 11. c3 fxe4 12. Bxb5 Bd7 13. Bc4 Be7 14. Qh5 Be6 15. 0-0-0 Ra7 16. Rhe1 Bg5+ 17. Kb1 Kf8 18. Nc2 Bf5 19. h4 Bxh4 20. Qxf5 Bg5 21. Rxe4 h6 22. Nce3 Bxe3 23. Nxe3 Rg8 24. Rg4 Rh8 25. Rg6 Qc7 26. Rdxd6 Nd8 27. Qxe5 Rh7 28. Qf6 Ra8 29. Nd5 1-0

[Event "Mecklenburg VP-ch U25"]
[Site "Malchow"]
[Date "2014.02.01"]
[Round "2"]
[White "Massloch, Lea"]
[Black "Hoese, Florian"]
[Result "1-0"]
[WhiteElo "984"]
[BlackElo "961"]
[PlyCount "53"]
[EventDate "2014.02.01"]
[EventType "swiss"]
[EventRounds "7"]
[EventCountry "GER"]
[SourceTitle "EXT 2017"]
[Source "ChessBase"]
[SourceDate "2016.10.25"]
[SourceVersion "1"]
[SourceVersionDate "2016.10.25"]
[SourceQuality "1"]

1. e4 c6 2. d4 d5 3. exd5 cxd5 4. Nf3 Nf6 5. Bd3 Nc6 6. Nc3 Bg4 7. Bf4 Bxf3 8. Qxf3 Nxd4 9. Qe3 Qb6 10. Rb1 e6 11. 0-0 Bc5 12. Qg3 Nh5 13. Qg4 g6 14. Be3 Nxc2 15. Bxc5 Qxc5 16. Bxc2 d4 17. Ba4+ Kf8 18. Ne2 Rd8 19. Rbc1 Qe5 20. Rc4 d3 21. Nc3 a6 22. Re4 Qg7 23. Re3 f5 24. Qb4+ Kg8 25. Rxe6 Qf7 26. Re7 Qf8 27. Bb3+ 1-0

[Event "Rostock SSC op 12th"]
[Site "Rostock"]
[Date "2013.08.02"]
[Round "4"]
[White "Wulf, Constanze"]
[Black "Massloch, Lea"]
[Result "1-0"]
[WhiteElo "1615"]
[BlackElo "993"]
[PlyCount "111"]
[EventDate "2013.07.31"]
[EventType "swiss"]
[EventRounds "7"]
[EventCountry "GER"]
[SourceTitle "EXT 2018"]
[Source "ChessBase"]
[SourceDate "2017.10.13"]
[SourceVersion "1"]
[SourceVersionDate "2017.10.13"]
[SourceQuality "1"]

1. c4 e6 2. Nc3 d5 3. d4 Nf6 4. Bg5 Bd6 5. cxd5 exd5 6. Nxd5 Nbd7 7. Nc3 h6 8. Bh4 Qe7 9. e3 0-0 10. Bd3 b6 11. Qf3 Rb8 12. Bg3 Bb7 13. Bxd6 Qxd6 14. Qh3 a5 15. Nge2 c5 16. 0-0 cxd4 17. Nxd4 Ne5 18. Be2 Rbc8 19. Qg3 Ne4 20. Nxe4 Bxe4 21. Rfd1 Qe7 22. Qf4 Bg6 23. Rac1 Kh8 24. Nf3 f6 25. Nh4 Bh7 26. Nf5 Qd7 27. Rxd7 Rxc1+ 28. Bf1 Nxd7 29. Qg4 Bxf5 30. Qxf5 Ne5 31. g3 Rd8 32. Kg2 Rd2 33. b3 Rxa2 34. Qe4 Rc8 35. Qf5 Rd8 36. Qe6 b5 37. Qe7 Rc8 38. Qe6 Rb8 39. Qd6 Rg8 40. Bxb5 Rb2 41. Qa3 Rc2 42. Qxa5 Rb8 43. Ba4 Nd3 44. Kg1 Nxf2 45. Qf5 Rd2 46. Qa5 Rc2 47. Bd7 Rb2 48. Be6 Re8 49. Qc3 Ra2 50. Qc6 Re7 51. Bf5 g6 52. Qxf6+ Kg8 53. Qxe7 Ra6 54. Be6+ Rxe6 55. Qxe6+ Kf8 56. Kxf2 1-0

[Event "Mecklenburg VP LL2 Ost 1213"]
[Site "Mecklenburg VP"]
[Date "2012.11.11"]
[Round "2.8"]
[White "Massloch, Lea"]
[Black "Wahrmann, Eric"]
[Result "1/2-1/2"]
[WhiteElo "964"]
[BlackElo "1497"]
[PlyCount "46"]
[EventDate "2012.10.14"]
[EventType "team-tourn"]
[EventRounds "9"]
[EventCountry "GER"]
[SourceTitle "EXT 2022"]
[Source "ChessBase"]
[SourceDate "2021.10.06"]
[SourceVersion "1"]
[SourceVersionDate "2021.10.06"]
[SourceQuality "1"]
[WhiteTeam "Torgelow Droegeheide II"]
[BlackTeam "Malchow Schachinsel"]
[WhiteTeamCountry "GER"]
[BlackTeamCountry "GER"]

1. e4 d5 2. exd5 Qxd5 3. Nc3 Qa5 4. d4 c6 5. Nf3 Bf5 6. Be3 Nf6 7. Bd3 Bxd3 8. Qxd3 e6 9. 0-0 Bd6 10. Rfe1 0-0 11. Ne4 Nxe4 12. Qxe4 Nd7 13. Qh4 Qf5 14. c3 Nf6 15. Qg5 Qc2 16. Rab1 Nd5 17. Bd2 Rfe8 18. a3 Re7 19. b4 h6 20. Qh5 Rae8 21. Rbc1 Qd3 22. Rcd1 Nf6 23. Qh4 Qf5 1/2-1/2

[Event "Rostock SSC 07 op 11th"]
[Site "Rostock"]
[Date "2012.08.04"]
[Round "6"]
[White "Rozhanskyy, Oleksiy"]
[Black "Massloch, Lea"]
[Result "1-0"]
[WhiteElo "1112"]
[BlackElo "1011"]
[PlyCount "75"]
[EventDate "2012.08.01"]
[EventType "swiss"]
[EventRounds "7"]
[EventCountry "GER"]
[SourceTitle "EXT 2017"]
[Source "ChessBase"]
[SourceDate "2016.10.25"]
[SourceVersion "1"]
[SourceVersionDate "2016.10.25"]
[SourceQuality "1"]

1. e4 e6 2. d4 d5 3. exd5 exd5 4. Bd3 Bd6 5. Nf3 Nf6 6. 0-0 0-0 7. Nc3 c6 8. Bg5 Nbd7 9. Qd2 Re8 10. Rae1 Qc7 11. Rxe8+ Nxe8 12. Bh4 Nef6 13. Bg3 Nf8 14. Bxd6 Qxd6 15. h3 h6 16. Ne5 Ne6 17. Bf5 c5 18. Bxe6 Bxe6 19. f4 Qb6 20. dxc5 Qxc5+ 21. Kh1 Rd8 22. Na4 Qc8 23. c3 Ne4 24. Qe1 b5 25. c4 bxa4 26. cxd5 Bxd5 27. Kh2 Qc2 28. Qa5 Rd6 29. Qxa7 Nc5 30. Rg1 Qf2 31. Qb8+ Kh7 32. Qxd6 Be4 33. Ng4 Qc2 34. Qe5 h5 35. Qxh5+ Kg8 36. Qe5 Ba8 37. Qe8+ Kh7 38. Qxa8 1-0

[Event "Rostock SSC 07 op 11th"]
[Site "Rostock"]
[Date "2012.08.02"]
[Round "3"]
[White "Schamber, Dennis"]
[Black "Massloch, Lea"]
[Result "1-0"]
[WhiteElo "1297"]
[BlackElo "1011"]
[PlyCount "81"]
[EventDate "2012.08.01"]
[EventType "swiss"]
[EventRounds "7"]
[EventCountry "GER"]
[SourceTitle "EXT 2017"]
[Source "ChessBase"]
[SourceDate "2016.10.25"]
[SourceVersion "1"]
[SourceVersionDate "2016.10.25"]
[SourceQuality "1"]

1. e4 e6 2. d4 d5 3. e5 c5 4. c3 Qb6 5. a3 cxd4 6. cxd4 Ne7 7. b4 Nbc6 8. Nf3 Nf5 9. Be3 a6 10. Bd3 Nfxd4 11. Bxd4 Nxd4 12. Nxd4 Bd7 13. Nf3 Be7 14. 0-0 0-0 15. Qe2 Rfc8 16. Qe3 Qd8 17. Nbd2 a5 18. bxa5 Qxa5 19. Nb1 b5 20. Nbd2 Bxa3 21. Nb1 Qb4 22. Rxa3 Rxa3 23. Nxa3 g6 24. Nc2 Qe7 25. Rb1 Rb8 26. Nfd4 b4 27. Qd2 b3 28. Rxb3 Ra8 29. Qb4 Qg5 30. Nf3 Qc1+ 31. Qe1 Qf4 32. Qe3 Qa4 33. Ra3 Qc6 34. Rxa8+ Qxa8 35. h3 Qf8 36. Nh2 Qg7 37. Ng4 f5 38. exf6 Qh8 39. Nh6+ Kf8 40. Qc5+ Ke8 41. Qe7# 1-0

[Event "Rostock SSC 07 op 11th"]
[Site "Rostock"]
[Date "2012.08.01"]
[Round "1"]
[White "Mueller, Michael"]
[Black "Massloch, Lea"]
[Result "1-0"]
[WhiteElo "1910"]
[BlackElo "1011"]
[PlyCount "45"]
[EventDate "2012.08.01"]
[EventType "swiss"]
[EventRounds "7"]
[EventCountry "GER"]
[SourceTitle "EXT 2017"]
[Source "ChessBase"]
[SourceDate "2016.10.25"]
[SourceVersion "1"]
[SourceVersionDate "2016.10.25"]
[SourceQuality "1"]

1. d4 e6 2. e4 d5 3. Nc3 dxe4 4. Nxe4 Bd7 5. Nf3 Bc6 6. Bd3 Bxe4 7. Bxe4 c6 8. c3 Nd7 9. 0-0 Ngf6 10. Bc2 Bd6 11. Re1 0-0 12. Ne5 Qc7 13. f4 Rad8 14. g4 h6 15. Qf3 c5 16. g5 hxg5 17. fxg5 Be7 18. gxf6 Nxf6 19. Bg5 cxd4 20. Qh3 Qc5 21. Kf1 Qb5+ 22. Bd3 Qc5 23. Bxf6 1-0

[Event "Mecklenburg VP-ch U12 Girls"]
[Site "Malchow"]
[Date "2011.02.14"]
[Round "1.4"]
[White "Massloch, Lea"]
[Black "Dorendorf, Lena"]
[Result "1-0"]
[WhiteElo "814"]
[BlackElo "755"]
[PlyCount "93"]
[EventDate "2011.02.14"]
[EventType "tourn"]
[EventRounds "7"]
[EventCountry "GER"]
[SourceTitle "EXT 2022"]
[Source "ChessBase"]
[SourceDate "2021.10.06"]
[SourceVersion "1"]
[SourceVersionDate "2021.10.06"]
[SourceQuality "1"]

1. e4 e5 2. Nf3 Nc6 3. Bc4 h6 4. d3 d6 5. Be3 Bg4 6. Nbd2 Nf6 7. 0-0 Be7 8. Qe1 Nb4 9. Rc1 d5 10. exd5 Bd6 11. Nh4 Nfxd5 12. c3 Nc6 13. Bxd5 Qd7 14. Nc4 g5 15. h3 Be6 16. Bxe6 Qxe6 17. Nf3 b5 18. Ncd2 Qxa2 19. Rb1 Rg8 20. Ne4 Be7 21. Bc5 0-0-0 22. Bxe7 Nxe7 23. Nxe5 Qe6 24. Qe3 Qxe5 25. Qxa7 Nc6 26. Qa8+ Nb8 27. Ra1 Qd5 28. Qa7 Nc6 29. Qa8+ Nb8 30. Qa5 Rg6 31. Rfe1 Re6 32. c4 bxc4 33. dxc4 Qxc4 34. Ra4 Qc2 35. Nc5 Rc6 36. Rb4 Rf8 37. Qa8 Rxc5 38. Re7 Kd8 39. Re3 Qc1+ 40. Kh2 f6 41. Qxb8+ Kd7 42. Rd4+ Kc6 43. Qxf8 Qxb2 44. Qa8+ Qb7 45. Re6+ Kb5 46. Qxb7+ Ka5 47. Qa6# 1-0

[Event "Mecklenburg VP-ch U12 Girls"]
[Site "Malchow"]
[Date "2011.02.14"]
[Round "2.2"]
[White "Stange, Laura"]
[Black "Massloch, Lea"]
[Result "1/2-1/2"]
[WhiteElo "742"]
[BlackElo "814"]
[PlyCount "153"]
[EventDate "2011.02.14"]
[EventType "tourn"]
[EventRounds "7"]
[EventCountry "GER"]
[SourceTitle "EXT 2022"]
[Source "ChessBase"]
[SourceDate "2021.10.06"]
[SourceVersion "1"]
[SourceVersionDate "2021.10.06"]
[SourceQuality "1"]

1. e4 e6 2. Nf3 d5 3. Nc3 Nf6 4. exd5 exd5 5. d4 Bg4 6. Bg5 Nc6 7. Bb5 Qe7+ 8. Ne2 Qb4+ 9. Nc3 Qxb2 10. 0-0 Qxc3 11. Qe1+ Ne4 12. Qxc3 Nxc3 13. Rfe1+ Ne4 14. Ne5 Bd6 15. Nxc6 bxc6 16. Bxc6+ Kf8 17. Bxa8 Nxg5 18. Bxd5 c6 19. Bxc6 g6 20. Re8+ Kg7 21. Rxh8 Kxh8 22. h4 Ne6 23. Bd5 Nxd4 24. Bxf7 Ne2+ 25. Kh1 Bf5 26. Re1 Nf4 27. c3 Bd7 28. Rd1 Bc6 29. Rxd6 Bxg2+ 30. Kh2 g5 31. Kg3 Bh1 32. Kg4 Ne2 33. Kxg5 Kg7 34. Rf6 h6+ 35. Kf5 Nxc3 36. Ke6 Bd5+ 37. Ke7 Bxf7 38. Rxf7+ Kg6 39. Rf6+ Kg7 40. h5 Nd5+ 41. Ke6 Nxf6 42. f4 Nxh5 43. f5 Kf8 44. a4 Ke8 45. a5 Ng7+ 46. Kf6 Nh5+ 47. Kg6 Ng3 48. f6 Ne4 49. f7+ Kf8 50. a6 Nc5 51. Kxh6 Kxf7 52. Kg5 Nxa6 53. Kf5 Nb4 54. Ke5 a5 55. Kd4 Nc2+ 56. Kc3 Nb4 57. Kb3 Ke6 58. Ka4 Nc6 59. Kb5 Kd5 60. Ka4 Kc5 61. Ka3 Nd4 62. Ka4 Kb6 63. Ka3 Kb5 64. Ka2 a4 65. Ka3 Nc2+ 66. Kb2 Nd4 67. Ka3 Nb3 68. Kb2 Kb4 69. Ka2 Nc5 70. Kb2 a3+ 71. Ka2 Ka4 72. Kb1 Kb3 73. Ka1 Ka4 74. Ka2 Nd3 75. Ka1 Kb3 76. Kb1 a2+ 77. Ka1 1/2-1/2